Medzinárodná železničná nákladná preprava a potenciál jej rozvoja bakalárska práca

Uložené v:
Podrobná bibliografia
Hlavný autor: Knotková, Monika
Korporativný autor: Obchodná fakulta EU. Katedra medzinárodného obchodu
Ďalší autori: Furdová, Lucia, 1984-
Médium: Kniha
Jazyk:Slovak
Vydavateľské údaje: Bratislava 2015
Tagy: Pridať tag
Žiadne tagy, Buďte prvý, kto otaguje tento záznam!

MARC

LEADER 00000nbm a2200000 4500
001 0203258
005 20161212105640.3
041 0 |a slo 
044 |a SK 
245 1 0 |a Medzinárodná železničná nákladná preprava a potenciál jej rozvoja  |b bakalárska práca  |c Monika Knotková ; školiteľ: Lucia Furdová 
264 1 |a Bratislava  |c 2015 
300 |a 51 s. 
100 1 |a Knotková, Monika 
700 1 |a Furdová, Lucia, 1984- 
710 2 |a Obchodná fakulta EU. Katedra medzinárodného obchodu